Myth and reality : (Record no. 144335)

MARC details
000 -LEADER
fixed length control field 00578nam a22001697a 4500
005 - DATE AND TIME OF LATEST TRANSACTION
control field 20170912110812.0
010 ## - LCCN (DPL NO)
LC control number 1718EN-30
020 ## - INTERNATIONAL STANDARD BOOK NUMBER
International Standard Book Number 9789386042262
Terms of availability 250.00
037 ## - SOURCE OF ACQUISITION
Source of stock number/acquisition Aakar
100 ## - MAIN ENTRY--PERSONAL NAME
Personal name Kosambi, Damodar Dharmanand
245 10 - TITLE STATEMENT
Title Myth and reality :
Statement of responsibility, etc by Damodar Dharmanand Kosambi
Remainder of title studies In the formation of Indian culture /
260 ## - PUBLICATION, DISTRIBUTION, ETC. (IMPRINT)
Place of publication, distribution, etc New Delhi
Name of publisher, distributor, etc SAGE Publications
Date of publication, distribution, etc 2016
270 ## - ADDRESS
Address B1/I-1 Mohan Cooperative Industrial Area, Mathura Road
City New Delhi
Postal code 110044
300 ## - PHYSICAL DESCRIPTION
Extent xx,121p.
Dimensions 25cm(pbk)
Other physical details ill.
942 ## - ADDED ENTRY ELEMENTS (KOHA)
Source of classification or shelving scheme Dewey Decimal Classification
Item type English Books

No items available.


© Delhi Public Library
Hit Counter
free hit counter